ACCA, the Association of Chartered Certified Accountants. Paper F1, Accountant in business (AB)

Guardado en:
Detalles Bibliográficos
Formato: Libro
Publicado: Wokingham : Kaplan Pub., c2009
Materias:
Etiquetas: Agregar Etiqueta
Sin Etiquetas, Sea el primero en etiquetar este registro!

MARC

LEADER 00000nam a2200000 4500
020 |a 9781847105127 
040 |a MUL  |b eng.  |e AACR 
082 |a 657 ACC 
245 |a ACCA, the Association of Chartered Certified Accountants. Paper F1, Accountant in business (AB) 
260 |a Wokingham :  |b Kaplan Pub.,   |c c2009 
300 |a xxiv, various pagings :  |b ill. ;  |c 26 cm. 
504 |a Includes index 
546 |a eng. 
650 |a Accounting 
650 |a Finance 
650 |a Business 
942 |c BK 
999 |c 3807  |d 3807